[Event "AUTO-ELITE-2354"]
[Site "http://www.queenalice.com/game.php?id=1767350"]
[Date "2021.8.19"]
[Round "1"]
[White "Rexy"]
[Black "beteljeuxe"]
[Result "0-1"]
[WhiteElo "2275"]
[BlackElo "2086"]

1. e4 c6 2. d4 d5 3. e5 Bf5 4. Nf3 e6 5. Be2 Nd7 6. O-O Ne7 7. Nbd2 Ng6 8. Nb3
Nh4 9. Nxh4 Qxh4 10. Be3 a5 11. a4 f6 12. f4 Be7 13. Bh5+ g6 14. Bf3 O-O 15. Qd2
Bd8 16. Bf2 Qh6 17. Be3 Qh4 18. Bf2 Qh6 19. g4 Qh3 0-1

[Event "AUTO-ELITE-2354"]
[Site "http://www.queenalice.com/game.php?id=1767357"]
[Date "2021.8.19"]
[Round "1"]
[White "Rexy"]
[Black "trompmaster"]
[Result "1-0"]
[WhiteElo "2444"]
[BlackElo "2444"]

1. e4 d6 2. d4 Nf6 3. Nc3 Nbd7 4. f4 e5 5. Nf3 exd4 6. Qxd4 c6 7. Bd2 d5 8.
O-O-O Bc5 9. Qd3 O-O 10. exd5 Qc7 11. Ng5 Bd6 12. dxc6 Nc5 13. Qd4 bxc6 14. Bc4
Bg4 15. Rde1 Rad8 16. Rhf1 h6 17. h3 Bc8 18. Nge4 Ncxe4 19. Nxe4 Be7 20. Qe5
Qxe5 21. fxe5 Nd5 22. a4 Bh4 23. Re2 Nb6 24. Bd3 Be7 25. b3 Ba3+ 26. Kb1 Be6 27.
Re3 Nd5 28. Rg3 Kh8 29. c4 Nb4 30. Bc2 Nxc2 31. Kxc2 Rfe8 32. Be3 a5 33. Bc5
Bxc5 34. Nxc5 Kg8 35. Rd3 Rxd3 36. Kxd3 Bc8 37. Kd4 h5 38. Ne4 Bb7 39. Rf2 Ba8
40. Nd6 Re7 41. c5 Rd7 42. b4 axb4 43. Kc4 b3 44. Kxb3 Re7 45. Kb4 g6 46. g3
Rxe5 47. Rxf7 Re4+ 48. Ka5 Re3 49. Ra7 Rxg3 50. Rxa8+ Kh7 51. Ne4 Rb3 52. h4 Kg7
53. Ra7+ Kf8 54. Ng5 Ke8 55. Rc7 Kd8 56. Rxc6 Rc3 57. Rd6+ Ke7 58. c6 Kxd6 59.
Ne4+ Kxc6 60. Nxc3 Kb7 61. Kb5 1-0

[Event "AUTO-ELITE-2354"]
[Site "http://www.queenalice.com/game.php?id=1767358"]
[Date "2021.8.19"]
[Round "1"]
[White "trompmaster"]
[Black "Rexy"]
[Result "0-1"]
[WhiteElo "2426"]
[BlackElo "2427"]

1. e4 c5 2. d3 Nc6 3. Nd2 Nf6 4. Ngf3 d5 5. c3 e5 6. exd5 Nxd5 7. g3 Bg4 8. Bg2
Qd7 9. h3 Bf5 10. Nc4 f6 11. Nh4 Be6 12. Qh5+ Bf7 13. Qg4 O-O-O 14. Qxd7+ Rxd7
15. a4 Nb6 16. Nxb6+ axb6 17. Be4 g6 18. Be3 f5 19. Nxf5 gxf5 20. Bxf5 Bd6 21.
f3 Bg6 22. Bxd7+ Kxd7 23. Ke2 Re8 24. Rhd1 Bf7 25. Kf2 Na5 26. c4 Kc7 27. Bd2
Nb3 28. Ra3 Nd4 29. Bc3 Rg8 30. g4 Rf8 31. Re1 Be8 32. Bxd4 cxd4 33. Raa1 Bc6
34. Re4 Bxe4 35. dxe4 Kc6 36. Rd1 Kc5 37. b3 Kb4 38. Rd3 Be7 39. Ke2 Bg5 40. Ke1
Be3 41. Ke2 Rf7 42. h4 h6 43. h5 Rf8 44. Rd1 Kxb3 45. Rb1+ Kc2 46. Rh1 Bg5 47.
Rd1 Rxf3 0-1

[Event "AUTO-ELITE-2335"]
[Site "http://www.queenalice.com/game.php?id=1767714"]
[Date "2021.8.23"]
[Round "2"]
[White "Rexy"]
[Black "Sexxy_Bunny"]
[Result "0-1"]
[WhiteElo "2480"]
[BlackElo "2785"]

1. e4 c5 2. Nf3 d6 3. d4 cxd4 4. Nxd4 Nf6 5. Nc3 a6 6. f3 e5 7. Nb3 Be6 8. Be3
Nbd7 9. g4 Nb6 10. g5 Nh5 11. Qd2 Be7 12. O-O-O O-O 13. Rg1 Rc8 14. Kb1 g6 15.
Qf2 Nc4 16. Bxc4 Bxc4 0-1

[Event "AUTO-ELITE-2335"]
[Site "http://www.queenalice.com/game.php?id=1767715"]
[Date "2021.8.23"]
[Round "2"]
[White "Sexxy_Bunny"]
[Black "Rexy"]
[Result "1-0"]
[WhiteElo "2781"]
[BlackElo "2484"]

1. e4 c6 2. d4 d5 3. e5 Bf5 4. Nf3 e6 5. Be2 Nd7 6. O-O h6 7. Nbd2 Ne7 8. Nb3 g5
9. Ne1 Qc7 10. Nd3 Ng6 11. Be3 O-O-O 12. Bg4 Be4 13. f3 Bxd3 14. Qxd3 Kb8 15. c3
c5 16. Qb1 c4 17. Nd2 1-0

[Event "AUTO-OPEN-4240"]
[Site "http://www.queenalice.com/game.php?id=1769675"]
[Date "2021.9.12"]
[Round "2"]
[White "Rexy"]
[Black "Vedovanera"]
[Result "0-1"]
[WhiteElo "2452"]
[BlackElo "2257"]

1. e4 c5 2. Nf3 e6 3. d4 cxd4 4. Nxd4 a6 5. Bd3 d5 6. exd5 Qxd5 7. O-O Nd7 8.
Be3 Ngf6 9. c4 Qa5 10. Nc3 Qc7 0-1

[Event "AUTO-OPEN-4240"]
[Site "http://www.queenalice.com/game.php?id=1769677"]
[Date "2021.9.12"]
[Round "2"]
[White "Rexy"]
[Black "Pin"]
[Result "1-0"]
[WhiteElo "2483"]
[BlackElo "1959"]

1. e4 c5 2. Nf3 d6 3. d4 cxd4 4. Nxd4 Nf6 5. Nc3 a6 6. f3 e5 7. Nb3 Be6 8. Be3
Be7 9. Qd2 Nbd7 10. g4 O-O 11. O-O-O Rc8 12. Kb1 Qc7 13. Qf2 b5 14. g5 Nh5 15.
h4 g6 16. Bh3 Nf4 17. Bxf4 exf4 18. h5 Bxg5 19. hxg6 hxg6 20. Qg2 Kg7 21. Bxe6
fxe6 22. Qxg5 Ne5 23. Nd4 1-0

[Event "AUTO-OPEN-4240"]
[Site "http://www.queenalice.com/game.php?id=1769678"]
[Date "2021.9.12"]
[Round "2"]
[White "Pin"]
[Black "Rexy"]
[Result "0-1"]
[WhiteElo "1911"]
[BlackElo "2481"]

1. e4 c5 2. Nf3 d6 3. d4 cxd4 4. Qxd4 Nc6 5. Bb5 Bd7 6. Bxc6 Bxc6 7. Nc3 Nf6 8.
Bg5 e6 9. O-O-O Be7 10. h4 h6 11. Bxf6 Bxf6 12. Qd3 O-O 13. g4 Bxc3 14. bxc3 Qa5
15. g5 h5 16. Nd4 Qxa2 17. Nxc6 bxc6 18. Rdg1 f5 19. exf5 Rxf5 20. f3 Rd5 0-1

[Event "AUTO-ELITE-2364"]
[Site "http://www.queenalice.com/game.php?id=1770824"]
[Date "2021.9.26"]
[Round "1"]
[White "e4d4sf3"]
[Black "Rexy"]
[Result "0-1"]
[WhiteElo "1888"]
[BlackElo "2479"]

1. e4 c5 2. Nf3 d6 3. Bb5+ Nd7 4. d4 cxd4 5. Qxd4 a6 6. Bc4 Ngf6 7. Nc3 b5 8.
Bb3 Bb7 9. Bg5 e6 10. Rd1 Be7 0-1

[Event "AUTO-ELITE-2364"]
[Site "http://www.queenalice.com/game.php?id=1770832"]
[Date "2021.9.26"]
[Round "1"]
[White "Rexy"]
[Black "josekasparov"]
[Result "0-1"]
[WhiteElo "2411"]
[BlackElo "2549"]

1. e4 c5 2. Nf3 Nc6 3. Bb5 Nd4 4. Nxd4 cxd4 5. c3 Qb6 6. Ba4 Nf6 7. e5 Nd5 8.
O-O e6 9. Qg4 dxc3 10. dxc3 Qa5 11. Bc2 Qc7 12. Re1 b6 13. Nd2 Ne7 14. Nc4 Ng6
15. h4 Ba6 16. Nd6+ Bxd6 17. exd6 Qxd6 18. h5 Ne7 0-1

[Event "AUTO-ELITE-2364"]
[Site "http://www.queenalice.com/game.php?id=1770833"]
[Date "2021.9.26"]
[Round "1"]
[White "josekasparov"]
[Black "Rexy"]
[Result "1-0"]
[WhiteElo "2528"]
[BlackElo "2472"]

1. e4 c5 2. Nf3 d6 3. d4 cxd4 4. Nxd4 Nf6 5. Nc3 a6 6. Be3 e5 7. Nb3 Be6 8. h3
Be7 9. g4 d5 10. exd5 Nxd5 11. Bg2 Nxe3 12. Qxd8+ Bxd8 13. fxe3 Bh4+ 14. Kd1 Nc6
15. Nc5 Rd8+ 16. Kc1 Bc8 17. Nxa6 h5 18. Nc7+ Kf8 19. b3 Bg5 20. N3d5 hxg4 21.
hxg4 1-0

[Event "AUTO-OPEN-4238"]
[Site "http://www.queenalice.com/game.php?id=1771634"]
[Date "2021.10.7"]
[Round "2"]
[White "clovis"]
[Black "Rexy"]
[Result "0-1"]
[WhiteElo "2119"]
[BlackElo "2482"]

1. e4 c5 2. Nf3 d6 3. d4 cxd4 4. Nxd4 Nf6 5. Bb5+ Nbd7 6. Nc3 a6 7. Ba4 e6 8.
Bb3 Nc5 9. Qe2 b5 10. O-O Qc7 11. Bg5 Be7 12. Kh1 b4 13. Bxf6 Bxf6 0-1

[Event "AUTO-OPEN-4238"]
[Site "http://www.queenalice.com/game.php?id=1771635"]
[Date "2021.10.7"]
[Round "2"]
[White "Rexy"]
[Black "clovis"]
[Result "0-1"]
[WhiteElo "2425"]
[BlackElo "2117"]

1. e4 e5 2. Nf3 Nc6 3. Bb5 f5 4. d3 fxe4 5. dxe4 Nf6 6. O-O Bc5 7. Bxc6 bxc6 8.
Nxe5 O-O 9. Nc3 Qe7 10. Nd3 Bb6 11. Re1 d6 12. Be3 Ng4 13. Bxb6 axb6 14. Qe2 Qh4
15. h3 Ne5 16. Nxe5 dxe5 17. Qc4+ Kh8 18. Nd1 Bxh3 0-1